Business communication : principles,methods and techniques

Bibliographic Details
Main Author: Singh,Nirmal
Format: Book
Published: New Delhi : Deep & Deep Publications Pvt.Ltd , 2006
Subjects:

MARC

LEADER 00000cam a2200000 7i4500
001 0000019575
005 20080618.0
008 080618
020 |a 8176297607 
090 0 0 |a 658.45   |b SIN 
100 1 |a Singh,Nirmal 
245 1 0 |a Business communication :   |b principles,methods and techniques   |c Nirmal Singh 
260 |a New Delhi :   |b Deep & Deep Publications Pvt.Ltd ,   |c 2006 
650 0 |a Business communication 
650 0 |a Communication in management 
999 |a 0001024346   |b Book   |c Adult Collection   |e Cawangan Urban Transformation Centre